तुलसी की साहित्य - साधना (Record no. 293734)

MARC details
000 -LEADER
fixed length control field 00850nam a2200241Ia 4500
003 - CONTROL NUMBER IDENTIFIER
control field OSt
005 - DATE AND TIME OF LATEST TRANSACTION
control field 20260112165338.0
008 - FIXED-LENGTH DATA ELEMENTS--GENERAL INFORMATION
fixed length control field 220922b |||||||| |||| 00| 0 hin d
020 ## - INTERNATIONAL STANDARD BOOK NUMBER
International Standard Book Number 8170551641 (hbk)
037 ## - SOURCE OF ACQUISITION
Terms of availability TB
040 ## - CATALOGING SOURCE
Original cataloging agency AL
Transcribing agency AL
Language of cataloging hin
041 ## - LANGUAGE CODE
Source of code hin
Language code of text/sound track or separate title hin
084 ## - COLON CLASSIFICATION NUMBER
Classification number O152,1J32:g P2
Assigning agency AL
100 ## - MAIN ENTRY--PERSONAL NAME
Personal name राय, लल्लन
9 (RLIN) 157013
245 #0 - TITLE STATEMENT
Title तुलसी की साहित्य - साधना
246 ## - VARYING FORM OF TITLE
Title proper/short title Tulasī kī sāhitya - sādhanā
260 ## - PUBLICATION, DISTRIBUTION, ETC.
Place of publication, distribution, etc. नयी दिल्ली:
Name of publisher, distributor, etc. वाणी प्रकाशन,
Date of publication, distribution, etc. 2002.
300 ## - PHYSICAL DESCRIPTION
Extent 160पृ.
Dimensions cm.
365 ## - TRADE PRICE
Price amount 90
Currency code INR
650 ## - SUBJECT ADDED ENTRY--TOPICAL TERM
Topical term or geographic name entry element हिन्दी साहित्य
9 (RLIN) 156264
942 ## - ADDED ENTRY ELEMENTS (KOHA)
Classification part O152,1J32:g P2
Koha item type Textbook
Source of classification or shelving scheme Colon Classification (CC)
Suppress in OPAC No
Holdings
Withdrawn status Lost status Source of classification or shelving scheme Damaged status Not for loan Home library Current library Date acquired Source of acquisition Cost, normal purchase price Total Checkouts Full call number Barcode Date last seen Cost, replacement price Price effective from Koha item type
    Colon Classification (CC)     Arts Library Arts Library 2026-01-12 Vani Prakashan 90.00   O152,1J32:g P2 AL1062008 2022-09-23 90.00 2022-09-23 Textbook
    Colon Classification (CC)     Arts Library Arts Library 2026-01-12 Vani Prakashan 90.00   O152,1J32:g P2 AL1062009 2026-01-12 90.00 2022-09-23 Textbook
Copyright @ Delhi University Library System